000 00758nam0a22002291 4500
001 rc\679762
005 20250621210529.0
035 _a(NLR Aleph) 005917189
090 _a6438401
_c6438401
100 _a20031121d1985 |||y0rusy50 ca
101 0 _arus
102 _aRU
105 _aa |||||||||
200 1 _aАвтотуристу о Харькове
_eСправочник-путеводитель
_f[Авт.-сост. А.Н. Бушмин, А.Н. Скоморохов]
210 _aХарьков
_cПрапор
_d1985
215 _a38, [26] с.
_cил.
_d16
702 1 _aБушмин
_bА.Н.
_gАлександр Николаевич
_4220
801 0 _aRU
_bNLR
_gpsbo
801 1 _aRU
_bELAR
_2rusmarc
852 _aNLR
_j86-2/1070
942 _cBOOK
980 _aNB